000 01472nam a2200361 i 4500
003 EG-GICUC
005 20260210090647.0
008 260210s1989 ua ||||fr|||| 001 0 ara d
017 _a1989/5581
020 _a9770122173
040 _a EG-GICUC
_bara
_c EG-GICUC
_d EG-GICUC
_erda
041 _aara
082 0 4 _a343.421
_bر و . هـ
_221
092 0 4 _221
099 _aLaw1 10 343.421 ر و . هـ 1989 1006194
100 0 _aروي روبرتسون.
_eمؤلف.
245 1 2 _aالهيروين والإيدز وأثرهما في المجتمع /
_cتأليف روي روبرتسون ؛ ترجمة يوسف ميخائيل أسعد.
264 1 _aالقاهرة :
_bالهيئة المصرية العامة للكتاب،
_c1989.
300 _a189 صفحة ؛
_c24 سم.
_bإيضاحيات، صور، مثيليات ؛
336 _2rda content
_atext
337 _2rda media
_aComputer
338 _2rda carrier
_aOnline Resource
490 1 _aالألف كتاب (الثاني)؛
_v78
504 _aيشتمل على ارجاعات ببليوجرافية.
546 _aالنص باللغة العربية
650 1 _a التشريعات المتعلقة بالمخدرات.
_2qrmak
650 1 _aالتشريعات الجنائية الخاصة.
_2qrmak
651 1 _2qrmak
700 _aيوسف ميخائيل أسعد
_eمترجم.
856 4 0 _uhttps://fll.law.cu.edu.eg/fulltext/bks/B10-06194.pdf
905 _a18
942 _2ddc
_n0
_cBK
_e21
999 _c62350
_d62350